Mecánica para ingeniería / (Record no. 110414)

MARC details
000 -LEADER
campo de control de longitud fija 00731nam a2200229 4500
001 - NÚMERO DE CONTROL
campo de control 110414
003 - IDENTIFICADOR DE NÚMERO DE CONTROL
campo de control ES-MaACL
005 - FECHA Y HORA DE LA ÚLTIMA TRANSACCIÓN
campo de control 20250814045707.0
007 - CAMPO FIJO DE DESCRIPCIÓN FÍSICA--INFORMACIÓN GENERAL
campo de control de longitud fija t|
008 - DATOS DE LONGITUD FIJA--INFORMACIÓN GENERAL
campo de control de longitud fija 061121s1985 mx r ||||1| spa d
020 ## - NÚMERO INTERNACIONAL ESTÁNDAR DEL LIBRO
Número Internacional Estándar del Libro 968-861-012-7
100 1# - ENTRADA PRINCIPAL--NOMBRE DE PERSONA
Nombre de persona Shelley, Joseph F.
9 (RLIN) 106069
245 10 - MENCIÓN DEL TÍTULO
Título Mecánica para ingeniería /
Mención de responsabilidad, etc. Joseph F. Shelley ; [versión en castellano Luis Ordóñez Reyna].
260 ## - PUBLICACIÓN, DISTRIBUCIÓN, ETC.
Lugar de publicación, distribución, etc. México [etc.] :
Nombre del editor, distribuidor, etc. Marcombo,
Fecha de publicación, distribución, etc. cop. 1985.
300 ## - DESCRIPCIÓN FÍSICA
Extensión 2 v :
Otras características físicas il ;
Dimensiones 23 cm.
500 ## - NOTA GENERAL
Nota general Indice.
505 8# - NOTA DE CONTENIDO CON FORMATO
Nota de contenido con formato Contiene: I. Estática - II. Dinámica
650 07 - PUNTO DE ACCESO ADICIONAL DE MATERIA--TÉRMINO DE MATERIA
Término de materia o nombre geográfico como elemento de entrada Mecánica
Fuente del encabezamiento o término embne
9 (RLIN) 14869
700 1# - ENTRADA AGREGADA--NOMBRE PERSONAL
Nombre de persona Ordóñez Reyna, Luis.
9 (RLIN) 87203
852 ## - LOCALIZACIÓN
Ubicación ES-MaACL
Número de control de estantería L-10817-18
Sublocalización o colección R.112815
Holdings
Estatus retirado Estado de pérdida Estado de daño No para préstamo Biblioteca de origen Biblioteca actual Ubicación en estantería Fecha de adquisición Fuente de adquisición Total de préstamos Signatura topográfica completa Código de barras Visto por última vez Precio de reemplazo Tipo de ítem Koha
        Biblioteca del Ateneo de Madrid Biblioteca del Ateneo de Madrid Depósito 2 17/01/2008     L-10817-18 1115198 23/02/2023 23/02/2023 Libro impreso